[Event "18th Brasschaat Open 2018"]
[Site "Brasschaat"]
[Date "2018.08.22"]
[Round "5"]
[White "Engelaer, Maurice"]
[Black "Boudry, William"]
[Result "1/2-1/2"]
[WhiteElo "1915"]
[BlackElo "2044"]
[Annotator "NA"]
[PlyCount "108"]
[EventDate "2018.08.18"]
[EventType "swiss"]
[EventCountry "BEL"]
[SourceTitle "playchess.com"]
[Source "ChessBase"]
[SourceQuality "1"]
[TimeControl "40/5400+30:1800+30"]

1. e4 {[%emt 0:00:00]} e6 {[%emt 0:00:05]} 2. d4 {[%emt 0:00:00]} d5 {[%emt 0:00:06]} 3. e5 {[%emt 0:00:00]} c5 {[%emt 0:00:04]} 4. c3 {[%emt 0:00:04]} Nc6 {[%emt 0:00:07]} 5. Nf3 {[%emt 0:00:03]} Bd7 {[%emt 0:00:12]} 6. Be2 {[%emt 0:01:31]} f6 {[%emt 0:00:23]} 7. O-O {[%emt 0:02:33]} fxe5 {[%emt 0:00:05]} 8. dxe5 {[%emt 0:00:51]} Qc7 {[%emt 0:00:08]} 9. Re1 {[%emt 0:01:48]} O-O-O {[%emt 0:00:06] LiveBook: 15 Games C02: Französische Verteidigung (Vorstoßvariante)} 10. Ng5 $146 {[%emt 0:17:29]} ({Vorgänger:} 10. b4 Nxe5 11. Nxe5 Qxe5 12. Bf3 Qc7 13. Be3 Nf6 14. Nd2 c4 15. a4 Bd6 16. a5 Kb8 17. Nf1 {0-1 (40) Volkov,S (2624)-Alekseev,E (2632) Khanty-Mansiysk 2016}) 10... Nh6 {[%emt 0:02:40]} 11. f4 {[%emt 0:00:56]} Be7 {[%emt 0:00:38]} 12. Nf3 {[%emt 0:01:40]} g5 {[%emt 0:03:01]} 13. Na3 {[%emt 0:05:24]} (13. Nxg5 $11 Bxg5 14. fxg5) 13... gxf4 {[%emt 0:01:13]} 14. Bxf4 {[%emt 0:02:19]} Nf7 {[%emt 0:00:10]} 15. Qd2 {[%emt 0:28:38]} a6 {[%emt 0:08:29]} 16. Nc2 {[%emt 0:00:52]} Rhg8 {[%emt 0:14:41]} 17. Kh1 {[%emt 0:01:21]} Rg7 {[%emt 0:10:28]} (17... Ncxe5 $17 18. Nxe5 Nxe5) 18. b4 {[%emt 0:01:24]} Rdg8 {[%emt 0:01:10]} 19. Bf1 {[%emt 0:01:06]} Ng5 {[%emt 0:00:51]} 20. Nxg5 {[%emt 0:02:25]} Bxg5 {[%emt 0:00:22]} 21. bxc5 {[%emt 0:01:18] [#]} Bxf4 $11 {[%emt 0:01:39]} ({Günstiger ist} 21... Nxe5 $1 $19 {[%mdl 512]} 22. Bxg5 (22. Rxe5 Qxe5 23. Bxe5 Bxd2 $17) 22... Rxg5) 22. Qxf4 {[%emt 0:00:30]} Rg5 {[%emt 0:01:17]} 23. Nd4 {[%emt 0:11:45]} Nxe5 {[%emt 0:00:44]} 24. Rab1 {[%emt 0:00:43]} h6 {[%emt 0:09:53]} 25. c6 {[%emt 0:01:56]} Nxc6 {[%emt 0:00:38]} 26. Qxc7+ {[%emt 0:00:21]} Kxc7 {[%emt 0:00:03]} 27. Nxe6+ {[%emt 0:00:31]} Bxe6 {[%emt 0:00:04]} 28. Rxe6 {[%emt 0:00:11]} h5 {[%emt 0:01:11]} 29. Rh6 {[%emt 0:03:16]} R8g7 {[%emt 0:00:43]} 30. g3 {[%emt 0:00:25]} Re7 {[%emt 0:01:14]} 31. Bg2 {[%emt 0:00:30]} Rge5 {[%emt 0:00:21]} 32. Kg1 {[%emt 0:01:54]} Na5 {[%emt 0:02:42]} 33. Bf3 {[%emt 0:00:58]} Nc4 {[%emt 0:00:46]} 34. Bxh5 {[%emt 0:02:03]} Nd2 {[%emt 0:00:22]} 35. Rd1 {[%emt 0:00:19]} Ne4 {[%emt 0:01:35]} 36. Rc1 {[%emt 0:01:00]} Nd2 {[%emt 0:02:55]} 37. Bg4 {[%emt 0:01:44]} Re1+ {[%emt 0:00:42]} 38. Rxe1 {[%emt 0:00:07]} Rxe1+ {[%emt 0:00:04]} 39. Kf2 {[%emt 0:00:20]} Ra1 {[%emt 0:00:01]} 40. Ke3 {[%emt 0:02:43]} Nf1+ {[%emt 0:01:04]} 41. Ke2 {[%emt 0:09:57]} Nxh2 {[%emt 0:01:00]} 42. Be6 {[%emt 0:03:10]} Rxa2+ {[%emt 0:00:11]} 43. Kd3 {[%emt 0:00:58]} Nf1 {[%emt 0:04:02]} 44. Bxd5 {[%emt 0:01:00]} Rd2+ {[%emt 0:00:08]} 45. Ke4 {[%emt 0:00:18]} Nxg3+ {[%emt 0:00:07]} 46. Ke5 {[%emt 0:01:00]} Kb8 {[%emt 0:02:30]} 47. Rh8+ {[%emt 0:02:22]} Ka7 {[%emt 0:00:14]} 48. Rh7 {[%emt 0:00:16]} Rb2 {[%emt 0:00:11]} 49. c4 {[%emt 0:01:09]} Nf1 {[%emt 0:03:18]} 50. c5 {[%emt 0:03:22]} Ne3 {[%emt 0:01:02]} 51. c6 {[%emt 0:02:08]} Nxd5 {[%emt 0:00:41]} 52. Kxd5 {[%emt 0:00:05]} Rb5+ {[%emt 0:00:16]} 53. Kc4 {[%emt 0:01:23]} Rb6 {[%emt 0:00:21]} 54. Rxb7+ {[%emt 0:00:22]} Rxb7 {[%emt 0:00:06]} 1/2-1/2

[Event "18th Brasschaat Open 2018"]
[Site "Brasschaat"]
[Date "2018.08.22"]
[Round "5"]
[White "Butzen, Robin"]
[Black "Ismail, Tamer"]
[Result "1-0"]
[WhiteElo "1899"]
[BlackElo "1999"]
[Annotator "NA"]
[PlyCount "55"]
[EventDate "2018.08.18"]
[EventType "swiss"]
[EventCountry "BEL"]
[SourceTitle "playchess.com"]
[Source "ChessBase"]
[SourceQuality "1"]
[TimeControl "40/5400+30:1800+30"]

1. d4 {[%emt 0:00:00]} d6 {[%emt 0:21:31]} 2. Nf3 {[%emt 0:01:20]} Nf6 {[%emt 0:01:24]} 3. g3 {[%emt 0:00:48]} g6 {[%emt 0:00:08]} 4. Bg2 {[%emt 0:00:06]} Bg7 {[%emt 0:00:01]} 5. O-O {[%emt 0:00:30]} O-O {[%emt 0:00:05]} 6. h3 {[%emt 0:00:45]} c6 {[%emt 0:00:42]} 7. c4 {[%emt 0:00:14]} Nbd7 {[%emt 0:00:36]} 8. Nc3 {[%emt 0:00:08]} e5 {[%emt 0:00:04]} 9. e4 {[%emt 0:00:19]} Re8 {[%emt 0:00:15]} 10. Be3 {[%emt 0:00:26]} a5 {[%emt 0:01:54]} 11. Qc2 {[%emt 0:00:20]} exd4 {[%emt 0:00:30]} 12. Nxd4 {[%emt 0:00:07]} Nc5 {[%emt 0:00:06]} 13. Rad1 {[%emt 0:00:11]} Qe7 {[%emt 0:01:29] LiveBook: 88 Games} 14. Rfe1 {[%emt 0:00:07]} Ne6 $16 {[%emt 0:02:44]} ({Don't blunder} 14... Ncxe4 $2 15. Bf4 $18) (14... a4 $14) 15. f4 {[%emt 0:02:43]} Nh5 {[%emt 0:24:27]} 16. Kh2 {[%emt 0:11:28]} Nxd4 {[%emt 0:00:10]} 17. Bxd4 {[%emt 0:00:14]} Bxd4 {[%emt 0:02:32]} 18. Rxd4 {[%emt 0:00:04]} f5 {[%emt 0:02:25]} 19. Qd2 {[%emt 0:17:09]} Nf6 {[%emt 0:04:40]} 20. Rxd6 {[%emt 0:09:52]} Nd5 {[%emt 0:04:11]} 21. e5 {[%emt 0:07:54]} Nxc3 {[%emt 0:00:07]} 22. Qxc3 {[%emt 0:00:40]} Be6 {[%emt 0:00:13]} 23. Red1 {[%emt 0:02:19]} Qf7 {[%emt 0:00:24]} 24. Bf1 {[%emt 0:05:39]} a4 {[%emt 0:00:39]} 25. Qb4 {[%emt 0:02:59]} Reb8 {[%emt 0:11:14]} 26. R1d4 {[%emt 0:08:39]} b5 {[%emt 0:09:52]} 27. cxb5 {[%emt 0:02:15]} cxb5 {[%emt 0:11:07]} 28. Bg2 {[%emt 0:03:37]} 1-0

[Event "18th Brasschaat Open 2018"]
[Site "Brasschaat"]
[Date "2018.08.22"]
[Round "5"]
[White "Voet, Dirk"]
[Black "Docx, Stefan"]
[Result "0-1"]
[WhiteElo "1851"]
[BlackElo "2444"]
[Annotator "TA"]
[PlyCount "62"]
[EventDate "2018.08.18"]
[EventType "swiss"]
[EventCountry "BEL"]
[SourceTitle "playchess.com"]
[Source "ChessBase"]
[SourceQuality "1"]

{[%evp 14,62,6,-12,-12,-12,-3,-12,0,-18,-15,-10,-6,-16,-3,-25,0,-28,-7,-32,-20,-59,-28,-60,-40,-83,-70,-96,-70,-67,154,52,183,67,180,150,158,118,215,0,0,-8,-8,0,-24,-111,0,0,0,-29972,-5764]} 1. e4 c5 2. Nf3 d6 3. d3 Nc6 4. g3 g6 5. Bg2 Bg7 6. O-O Nf6 7. Nc3 O-O 8. Ne1 Rb8 {B25: Sizilianisch (Geschlossenes System)} (8... e5 9. f4 exf4 10. Bxf4 Ng4 11. Qd2 Be6 12. Nf3 Nd4 13. Kh1 Qd7 14. Ng5 h6 15. Nxe6 fxe6 16. Bh3 {½-½ (26) Mamedyarov,S (2760)-Gelfand,B (2737) Wijk aan Zee 2008}) 9. f4 Bg4 10. Qd2 Bd7 {Die Stellung ist ausgeglichen.} 11. Nf3 b5 12. Nd1 $146 ({Vorgänger:} 12. a3 Nd4 13. h3 Nxf3+ 14. Rxf3 d5 15. Nxd5 Nxd5 16. exd5 e6 17. dxe6 Bxe6 18. Kh2 Re8 {0-1 (33) De Waard,J (2388)-Dothan,Y (2501) ICCF email 2001}) 12... b4 13. Ne3 a5 $36 {[%cal Ba7a5,Ba5a4,Ba4a3][%mdl 2080] Weiss steht unter Druck.} 14. h3 a4 15. Rb1 Nh5 16. Kh2 f5 17. Qd1 Qe8 18. Bd2 Kh8 19. c3 a3 20. cxb4 axb2 {Droht stark ...fxe4.} 21. bxc5 Ra8 $2 ({Natürlich nicht} 21... dxc5 $6 22. e5 $14) (21... e5 $15 {bleibt weiter vorne.} 22. Nc4 fxe4 23. Nxd6 Qe7 24. Nxe5 Nxe5 25. fxe5 Bxe5 26. Rxf8+ Qxf8) 22. cxd6 (22. exf5 $16 dxc5 23. Qc2) 22... exd6 (22... e5 $1 $14) 23. Nc4 ({Lieber} 23. exf5 $18 Rxa2 24. Re1) 23... Qe7 (23... fxe4 $14 24. dxe4 Qe7) 24. Nxb2 Rxa2 ({Viel schlechter ist} 24... fxe4 $6 25. dxe4 Rxa2 26. Na4 $16) 25. Nc4 Be6 {[#]} (25... fxe4 $16 26. dxe4 Be6) 26. Re1 $2 (26. exf5 $1 $18 Bxf5 27. Qb3) 26... fxe4 $11 27. Rxe4 {Droht De1 und aus.} d5 $1 {[%csl LRc4,LRe4] [#]} 28. Rxe6 $1 {[%mdl 512]} Qxe6 29. Nb6 (29. Qb3 $11 {hält das Gleichgewicht.} Rfa8 30. Re1) 29... Nd4 ({Besser ist} 29... Ne7 $17 {Und ...Sf5 würde nun gewinnen.} 30. d4 Nf5) 30. Nxd4 Bxd4 31. Bxd5 $2 {[%mdl 8192] [#]} (31. Nxd5 $11 g5 32. Rb4) 31... Qe3 $1 {[%mdl 512] Precision: Weiß = 31%, Schwarz = 29%.} 0-1

[Event "18th Brasschaat Open 2018"]
[Site "Brasschaat"]
[Date "2018.08.22"]
[Round "5"]
[White "Pattyn, Luc"]
[Black "Sikkel, Dirk"]
[Result "1/2-1/2"]
[WhiteElo "1755"]
[BlackElo "1973"]
[Annotator "NA"]
[PlyCount "53"]
[EventDate "2018.08.18"]
[EventType "swiss"]
[EventCountry "BEL"]
[SourceTitle "playchess.com"]
[Source "ChessBase"]
[SourceQuality "1"]
[TimeControl "40/5400+30:1800+30"]

1. d4 {[%emt 0:21:47]} g6 {[%emt 0:00:32]} 2. c4 {[%emt 0:00:04]} Bg7 {[%emt 0:00:09]} 3. Nc3 {[%emt 0:00:05]} d6 {[%emt 0:00:11]} 4. e4 {[%emt 0:00:10]} e5 {[%emt 0:00:31]} 5. d5 {[%emt 0:00:10]} a5 {[%emt 0:00:37]} 6. Be2 {[%emt 0:00:32]} Nd7 {[%emt 0:01:14] LiveBook: 16 Games} 7. Be3 {[%emt 0:01:04] A42: Modern Defence: Averbakh Variation} Nc5 {[%emt 0:02:31]} (7... Bh6 8. Bxh6 Nxh6 9. h4 Kf8 10. Qd2 Kg7 11. g4 f6 12. f3 Nc5 13. Bd3 Nf7 14. Nge2 h5 15. gxh5 Rxh5 {1-0 (56) Goryachkina,A (2491)-Muradli,M (2398) Batumi 2018}) 8. g4 {[%emt 0:00:27]} Bh6 {[%emt 0:07:44]} 9. Qd2 {[%emt 0:02:22]} (9. Bxc5 $1 $14 dxc5 10. h4) 9... Bxe3 {[%emt 0:00:52]} 10. Qxe3 {[%emt 0:00:14]} f6 $146 {[%emt 0:03:33]} ({Predecessor:} 10... h6 11. h4 Nf6 12. f3 Bd7 13. Nh3 Qb8 14. f4 Qa7 15. fxe5 dxe5 {1-0 (30) Manne,P-Cramling,D (2345) Gausdal 1982}) 11. f3 {[%emt 0:02:36]} Bd7 {[%emt 0:02:35]} 12. Nh3 {[%emt 0:00:55]} h5 {[%emt 0:02:40]} 13. Nf2 {[%emt 0:00:48]} h4 {[%emt 0:02:14]} 14. h3 {[%emt 0:14:57]} g5 {[%emt 0:07:00]} 15. Nd3 {[%emt 0:05:49]} b6 {[%emt 0:05:12]} 16. a4 {[%emt 0:02:25]} Ne7 {[%emt 0:01:06]} 17. Nb5 $15 {[%emt 0:03:55]} Nxd3+ {[%emt 0:02:34]} 18. Bxd3 {[%emt 0:00:59]} Ng6 {[%emt 0:00:28]} 19. Nc3 {[%emt 0:05:14]} Nf4 {[%emt 0:02:39]} 20. Rh2 {[%emt 0:01:10]} Qe7 {[%emt 0:08:31]} 21. Bc2 {[%emt 0:03:47]} Kf7 {[%emt 0:06:45]} 22. Kf1 {[%emt 0:02:36]} Rhe8 {[%emt 0:03:02]} 23. Re1 {[%emt 0:01:53]} Qd8 {[%emt 0:03:29]} 24. Ne2 {[%emt 0:00:37]} Qc8 {[%emt 0:04:31]} 25. Qf2 {[%emt 0:08:13]} Qa6 {[%emt 0:02:38]} 26. Nxf4 {[%emt 0:01:41]} exf4 {[%emt 0:03:37]} 27. Qd4 {[%emt 0:01:52]} 1/2-1/2

[Event "18th Brasschaat Open 2018"]
[Site "Brasschaat"]
[Date "2018.08.23"]
[Round "6"]
[White "Dgebuadze, Alexandre"]
[Black "Den Hartog, Marijn"]
[Result "1/2-1/2"]
[WhiteElo "2511"]
[BlackElo "2118"]
[Annotator "TA"]
[PlyCount "53"]
[EventDate "2018.08.18"]
[EventType "swiss"]
[EventCountry "BEL"]
[SourceTitle "playchess.com"]
[Source "ChessBase"]
[SourceQuality "1"]

{[%evp 13,53,0,0,-14,-14,-23,-28,-47,-15,-26,-28,-20,-18,-28,-15,-22,-18,-18,-8,-14,-8,-52,-54,-46,-21,-29,-9,-19,0,0,0,-17,-20,-100,-93,-95,-93,-93,-93,-75,-60,-79]} 1. Nf3 Nf6 2. d4 g6 3. Nc3 d5 4. Bf4 Bg7 5. Qd2 O-O 6. Bh6 Nbd7 7. Bxg7 {D00: 1 d4 d5: Unusual lines} Kxg7 {LiveBook: 4 Games} 8. h4 h5 9. e3 {The position is equal.} c6 10. Bd3 Qc7 11. e4 dxe4 $146 ({Predecessor:} 11... e5 12. O-O-O dxe4 13. Bxe4 Re8 14. Rhe1 exd4 15. Qxd4 {0-1 (63) Vittorino,C (2315)-Arenas Vanegas,D (2415) Medellin 2011}) 12. Nxe4 Nxe4 13. Bxe4 Nf6 14. Ng5 Nxe4 15. Nxe4 Bf5 16. Ng3 Bg4 17. Ne2 Bxe2 18. Qxe2 Qf4 19. c3 Rfe8 20. g3 Qf5 21. O-O-O Rad8 22. Rhe1 e5 {Threatening ...exd4.} 23. Rd2 (23. Qc2 $11 {keeps the balance.}) 23... exd4 $17 24. Qxe8 Rxe8 25. Rxe8 dxc3 26. bxc3 Qa5 27. Re3 {Precision: White = 27%, Black = 61%.} 1/2-1/2

[Event "18th Brasschaat Open 2018"]
[Site "Brasschaat"]
[Date "2018.08.23"]
[Round "6"]
[White "Tikranian, Alik"]
[Black "Pirard, Natan"]
[Result "0-1"]
[WhiteElo "2295"]
[BlackElo "2067"]
[Annotator "TA"]
[PlyCount "80"]
[EventDate "2018.08.18"]
[EventType "swiss"]
[EventCountry "BEL"]
[SourceTitle "playchess.com"]
[Source "ChessBase"]
[SourceQuality "1"]

{[%evp 16,80,10,0,13,6,34,16,15,11,40,29,34,24,29,7,25,0,0,0,0,-16,-17,-23,-28,-35,-35,-47,-44,-45,-43,-47,-41,-34,-8,-14,-17,-54,0,0,254,50,31,31,72,72,72,69,66,68,68,63,64,-167,-187,-250,-148,-230,0,-18,0,-377,-244,-29995,-29996,-29998,-29999]} 1. Nf3 Nf6 2. c4 e6 3. g3 d5 4. Bg2 Be7 5. b3 O-O 6. O-O b6 7. Bb2 Nbd7 8. Qc2 {A14: English Opening: 1...e6 with b3 by White} (8. d4 Bb7 9. Nc3 c5 10. cxd5 Nxd5 11. Rc1 cxd4 12. Nxd4 Nxc3 13. Bxc3 Bxg2 14. Kxg2 Rc8 15. Bb2 Nc5 16. Nf3 Qxd1 17. Rfxd1 Rfd8 18. Rxd8+ Rxd8 19. b4 {1-0 (85) Moussard,J (2571)-Dourerassou,J (2484) Paris 2017}) 8... Bb7 9. d3 {LiveBook: 5 Games} Re8 10. Nbd2 {The position is equal.} Bd6 11. a3 $146 ({Predecessor:} 11. cxd5 exd5 12. e3 c5 13. Rad1 Rc8 14. Rfe1 Qc7 15. Qb1 Ba6 16. Bf1 Bb7 17. Rc1 {0-1 (37) Metaxasz,V (2150)-Jakab,A (2354) Budapest 2000}) 11... c5 12. e3 e5 13. cxd5 Bxd5 14. Rad1 Qe7 15. Rfe1 Rad8 16. Ne4 Nxe4 17. dxe4 Bc6 18. Nd2 b5 19. Nb1 Nb6 20. Bf1 Qb7 21. f3 a5 22. Rd2 a4 23. bxa4 $1 Nxa4 24. Red1 Qb8 25. Nc3 Nxc3 26. Qxc3 c4 (26... Bf8 $15) 27. a4 $11 Bc5 $2 {[%mdl 8192]} (27... b4 $11 {and Black stays safe.} 28. Qxc4 Bxa4) 28. axb5 $2 (28. Rxd8 $18 Rxd8 29. Rxd8+ (29. Qxe5 Bxe3+ 30. Kg2 Qxe5 $11) 29... Qxd8 30. axb5 Bxb5 31. Qxe5) 28... Rxd2 $14 29. Rxd2 Qxb5 {[#] ...Bb4 is the strong threat.} 30. Rc2 Qb6 {Hoping for ...Ba4.} 31. Bc1 Bb5 32. Kf2 Qh6 33. Kg2 Ba4 34. Rd2 $2 (34. Rb2 $14 {stays ahead.}) 34... Qxe3 $19 35. Qxc4 (35. Qxe3 $142 Bxe3 36. Ra2) 35... Qg1+ 36. Kh3 {[#]} Bc6 $2 (36... Bb3 $1 $19 {[%cal Rb3c4][%mdl 512]} 37. Qd3 (37. Qxb3 Qxf1+) 37... Bf2) 37. g4 h5 $40 {[%mdl 128] Black mounts an attack.} 38. gxh5 $2 {[%mdl 8192]} (38. Rg2 $1 $11 hxg4+ 39. fxg4) 38... Bd4 {( -> ...Bd7+)} 39. Bg2 $2 (39. Qxc6 $19 Qxf1+ 40. Kg3) 39... Bd7+ 40. Kg3 Qe1+ {Precision: White = 38%, Black = 55%.} 0-1

[Event "18th Brasschaat Open 2018"]
[Site "Brasschaat"]
[Date "2018.08.23"]
[Round "6"]
[White "Sadkowski, Daniel"]
[Black "Engelaer, Maurice"]
[Result "1-0"]
[WhiteElo "2235"]
[BlackElo "1915"]
[Annotator "TA"]
[PlyCount "65"]
[EventDate "2018.08.18"]
[EventType "swiss"]
[EventCountry "BEL"]
[SourceTitle "playchess.com"]
[Source "ChessBase"]
[SourceQuality "1"]

{[%evp 20,65,6,11,28,22,41,24,18,37,25,10,11,0,0,0,-6,0,16,0,0,-3,69,66,288,272,410,242,277,242,284,281,275,255,245,143,143,110,127,106,244,174,234,223,222,237,290,278]} 1. c4 e5 2. e3 Nf6 3. Nc3 c6 4. d4 exd4 5. exd4 d5 6. Nf3 Be7 7. h3 {C01: French: Exchange Variation} O-O 8. Bd3 dxc4 9. Bxc4 Nbd7 {[%cal Bb8d7,Bd7b6,Bb6d5][%mdl 32]} 10. O-O Nb6 11. Bb3 {LiveBook: 35 Games} h6 (11... Nbd5 12. Re1 Be6 13. Bg5 Re8 14. Qd2 Qd6 15. Ne5 {½-½ (34) Volkov,S (2599)-Rublevsky,S (2698) Rostov on Don 2014}) 12. Re1 Re8 13. Ne5 Nbd5 14. Qf3 Be6 15. Qg3 Nh5 $146 16. Qf3 $36 {[%mdl 2048] White has some pressure.} Nhf6 17. Be3 Bf8 18. Rad1 Qa5 19. Bc1 Rad8 20. Qg3 {Black should prevent Bxh6.} Kh8 (20... Nxc3 $11 21. Bxe6 (21. bxc3 c5 $11) 21... Rxe6 22. bxc3 c5) 21. f4 $14 {Hoping for f5!} Qc7 $2 {[#]} ({Black should try} 21... Re7 $14) 22. f5 $1 $18 {[%mdl 512]} Bxf5 (22... Bc8 $142 23. Bxd5 Rxe5) 23. Nxd5 (23. Bxd5 $142 Bd6 24. Bxf7 Bxe5 25. Rxe5 Rxe5 26. Qxe5 Qxf7 27. Qxf5) 23... Nxd5 24. Bxd5 Rxe5 25. Qxe5 (25. Rxe5 Rxd5 26. Bf4 Rxe5 $14) 25... Qxe5 26. Rxe5 ({Not} 26. dxe5 cxd5 27. Be3 b6 $16) 26... Rxd5 {[#]} 27. Rxd5 (27. Re8 $1 $18 {[%cal Re8f8]} Kg8 28. b3) 27... cxd5 {[%mdl 4096] Endgame KRB-KB} 28. Bf4 Be7 29. Kf2 g5 (29... Bd7 $16 {was called for.} 30. Rc1 Bc6) 30. Be5+ f6 (30... Kh7 $142 31. Rc1 Bd8) 31. Bb8 a6 32. Re1 Be4 33. Rc1 {Precision: White = 67%, Black = 26%.} 1-0

[Event "18th Brasschaat Open 2018"]
[Site "Brasschaat"]
[Date "2018.08.23"]
[Round "6"]
[White "Kazarian, Anna-Maja"]
[Black "Van Herck, Marcel"]
[Result "1/2-1/2"]
[WhiteElo "2183"]
[BlackElo "2019"]
[Annotator "TA"]
[PlyCount "109"]
[EventDate "2018.08.18"]
[EventType "swiss"]
[EventCountry "BEL"]
[SourceTitle "playchess.com"]
[Source "ChessBase"]
[SourceQuality "1"]

{[%evp 19,109,58,67,56,72,24,47,43,65,48,52,37,54,44,57,64,66,53,64,33,55,54,88,61,89,79,119,95,112,106,92,43,55,33,48,0,8,0,0,0,0,-70,-56,-37,0,0,0,-27,161,152,153,-39,65,47,178,220,242,227,207,119,150,30,149,68,185,155,230,210,625,615,593,248,453,410,615,595,1079,1024,1014,962,956,0,0,0,0,0,0,0,0,0,0,0]} 1. e4 {Baburin,A} c6 2. d4 d5 3. e5 Bf5 4. Nf3 e6 5. Be2 Ne7 6. O-O Nd7 7. Nh4 c5 8. c3 Bxb1 {B12: Caro-Kann: Advance Variation} 9. Rxb1 Nc6 10. Nf3 Be7 {LiveBook: 3 Games. White is slightly better.} 11. Re1 $146 ({Predecessor:} 11. a3 Rc8 12. Bd3 Nb6 13. Qe2 cxd4 14. cxd4 a6 15. b3 Qd7 16. Qb2 {1-0 (43) Svidler,P (2690)-Lobron,E (2540) Bad Homburg 1998 CBM 066 [Baburin,A]}) 11... O-O 12. Bf1 Rc8 13. g3 h6 14. h4 Re8 15. h5 Nf8 16. a3 cxd4 17. cxd4 {[%cal Bc3d4,Bd4e5][%mdl 32]} Na5 18. Bb5 Nc6 19. b4 a6 20. Bd3 f6 21. Bf4 fxe5 22. dxe5 Nh7 23. Bc2 Qc7 24. Qd2 Nf8 25. Re2 Bd8 26. g4 Qf7 27. Rb3 Ne7 28. Bg3 Rc4 29. Nh2 $36 {[%mdl 2048] aiming for Rf3. White has good play.} Nc6 $1 {[%cal Rc6d4] And now ...Nd4 would win.} 30. Rf3 (30. Bd3 $11) 30... Qc7 $15 31. Rd3 Nd7 {[%cal Rd7e5]} 32. Bb3 b5 33. Kg2 Rf8 $2 (33... Qb7 $11 {and Black has nothing to worry.}) 34. Bxc4 $18 bxc4 {[#]} 35. Rf3 $2 ({Only move:} 35. Rxd5 $1 $16 {[%mdl 512]} c3 (35... exd5 36. Qxd5+) 36. Qxc3 exd5 37. e6) 35... d4 (35... Re8 $1 $15) 36. Rxf8+ $14 Kxf8 (36... Nxf8 $14 37. Re1 Qb7) 37. Nf3 $18 d3 38. Re4 Nb6 39. Qc3 ({White should play} 39. g5 $18 hxg5 40. Nxg5 Bxg5 41. Qxg5) 39... Ne7 $16 40. Qd4 (40. a4 $1 $16) 40... Ned5 {[#]} (40... Nc6 $1 $11 41. Qc3 (41. Rf4+ Kg8 $11) 41... Ne7) 41. Bf4 ({Better is} 41. a4 $1 $16) 41... Be7 {[#]} (41... Ke8 $14) 42. g5 $1 $18 {[%cal Rg5h6]} hxg5 (42... Ke8 $16) 43. Bxg5 Qc6 $2 (43... Bxg5 44. Nxg5 Qc6) 44. Bxe7+ Kxe7 45. Qc5+ (45. Rg4 $142 Kf8 46. Rg6 (46. Qc5+ Qxc5 47. bxc5 c3 $18)) 45... Kd7 $2 (45... Qxc5 46. bxc5 c3) 46. Rg4 Qxc5 (46... Ne7 $142 47. Rxg7 Qxc5 48. bxc5 Nbd5) 47. bxc5 c3 48. cxb6 {[%mdl 4096] Endgame} c2 49. b7 Kc7 50. Rc4+ $2 (50. Rxg7+ $18 Kb8 51. h6 (51. Rg8+ Kxb7 52. h6 c1=Q $11)) 50... Kxb7 $11 {The position is equal.} 51. Nd2 Nb6 $1 {[%cal Rb6c4]} 52. Rc3 Na4 $1 {[%cal Ra4c3]} 53. Rc4 {Threatens to win with Nb3.} Nb6 54. Rc5 {Nb3 is the strong threat.} Na4 $1 {[%cal Ra4c5]} 55. Rc4 {Precision: White = 31%, Black = 27%.} 1/2-1/2

[Event "18th Brasschaat Open 2018"]
[Site "Brasschaat"]
[Date "2018.08.23"]
[Round "6"]
[White "Baselmans, Luuk"]
[Black "Draftian, Ashote"]
[Result "1-0"]
[WhiteElo "2100"]
[BlackElo "2247"]
[Annotator "TA"]
[PlyCount "95"]
[EventDate "2018.08.18"]
[EventType "swiss"]
[EventCountry "BEL"]
[SourceTitle "playchess.com"]
[Source "ChessBase"]
[SourceQuality "1"]

{[%evp 13,95,11,21,-15,0,-5,4,-6,-4,-8,-8,-19,-18,-37,-36,-54,-47,-98,-105,-112,-115,-118,-70,-71,-61,-65,-29,-33,-27,-78,-84,-91,-80,-69,-65,-104,-31,-162,-162,-160,-162,-145,-167,-151,-132,-137,-134,-180,-140,-132,-75,-75,-75,-77,328,311,306,301,523,507,610,597,1329,1294,1530,1241,29947,12802,5422,5064,29969,29971,29971,29972,29971,29968,29981,29982,29982,29983,29983,29984,29984,29980]} 1. e4 c5 2. c3 d5 3. exd5 Qxd5 4. d4 Nf6 5. Nf3 e6 6. Be3 cxd4 7. cxd4 Bb4+ {LiveBook: 251 Partien} 8. Bd2 {B22: Sizilianisch (Alapin 2.c3)} (8. Nc3 O-O 9. Be2 Nbd7 10. O-O Bxc3 11. bxc3 b6 12. Nd2 Qd6 13. Bf3 Rb8 14. c4 Bb7 15. Bxb7 Rxb7 {1-0 (36) Finkel,A (2511)-Navara,D (2725) Tallinn 2016}) 8... Be7 9. Nc3 Qd6 $146 ({Vorgänger:} 9... Qd8 10. Bc4 O-O 11. O-O Nc6 12. Be3 Bd6 13. Nb5 b6 14. Bg5 Be7 15. Ne5 Bb7 16. Be3 Nb4 17. a3 Nbd5 18. Nc3 Rc8 19. Nxd5 Bxd5 20. Bxd5 Nxd5 {0-1 (83) Kusenkova,N-Ibrahimova,S Herceg Novi 2005}) 10. Rc1 {Droht stark Sb5.Die Stellung ist ausgeglichen.} Nc6 11. Be3 O-O 12. a3 Rd8 13. Bd3 e5 14. Nb5 Qb8 $1 15. Nxe5 (15. Qc2 $15) 15... Nxe5 $17 16. dxe5 Qxe5 17. Qe2 Nd5 18. O-O Nxe3 19. fxe3 h5 20. Bc4 Bf6 21. Nc3 (21. Nd4 $11 {hält das Gleichgewicht.}) 21... Bg4 $36 {[%mdl 2048] Schwarz ist am Drücker.} 22. Qf2 Rac8 23. Ba2 Rd3 24. e4 Qg5 (24... Kh8 $17 {Und ...Le7 würde nun gewinnen.} 25. Kh1 Bg5) 25. h4 (25. e5 $1 $15 Bxe5 26. Qxf7+ Kh8 27. Bb1) 25... Qxc1 $19 ({Viel schwächer wäre} 25... Qxh4 $6 26. Qxh4 Bxh4 27. Rxf7 $15) 26. Rxc1 Bd4 $1 {[%cal Rd4f2]} 27. Bxf7+ Kh7 28. Rf1 Bxf2+ 29. Rxf2 Rc6 30. e5 Re3 31. Bd5 {[#]} Rc5 ({Günstiger ist} 31... Re1+ $1 32. Kh2 Rc5) 32. Be4+ $17 Kh6 {...Tcxc3 ist eine echte Drohung.} 33. Rf8 {[%cal Rf8h8] [#]} Rc8 $2 {[%mdl 8192]} (33... g6 $1 $17 {und es läuft. Droht ...Tcxc3 und aus.} 34. Rf6 Rcxc3 35. Rxg6+ Kh7 36. Rxg4+ Kh8 37. bxc3 hxg4 38. Bxb7 Rxc3) 34. Rxc8 $18 Bxc8 35. Kf2 Rxc3 $2 (35... Rxe4 36. Nxe4 b6) 36. bxc3 {[%mdl 4096] Endspiel KL-KL} g5 37. g3 gxh4 38. gxh4 Kg7 39. Ke3 b6 40. Kf4 Kf7 41. Kg5 Ba6 42. Bd5+ {Weiß setzt Matt.} Ke7 43. Kxh5 Bd3 44. Kg5 a5 45. h5 {[%cal Bh4h5,Bh5h6][%mdl 32]} Bc2 46. h6 Bd3 47. Kf4 Kf8 48. e6 {Precision: Weiß = 50%, Schwarz = 47%.} 1-0